Vì một nước Việt Nam phát triển
Wedi'i Gadw mewn:
| Prif Awdur: | |
|---|---|
| Fformat: | Llyfr |
| Iaith: | Undetermined |
| Cyhoeddwyd: |
Thành phố Hồ Chí Minh
Tổng hợp Thành phố Hồ Chí Minh
2005
|
| Pynciau: | |
| Tagiau: |
Ychwanegu Tag
Dim Tagiau, Byddwch y cyntaf i dagio'r cofnod hwn!
|
| Thư viện lưu trữ: | Trung tâm Học liệu Trường Đại học Cần Thơ |
|---|
| LEADER | 00652nam a2200205Ia 4500 | ||
|---|---|---|---|
| 001 | CTU_88433 | ||
| 008 | 210402s9999 xx 000 0 und d | ||
| 020 | |c 119000 | ||
| 082 | |a 330.9597 | ||
| 082 | |b Ph561 | ||
| 100 | |a Ngô, Văn Phương | ||
| 245 | 0 | |a Vì một nước Việt Nam phát triển | |
| 245 | 0 | |c Ngô Văn Phương | |
| 260 | |a Thành phố Hồ Chí Minh | ||
| 260 | |b Tổng hợp Thành phố Hồ Chí Minh | ||
| 260 | |c 2005 | ||
| 650 | |a Vietnam,Vietnam | ||
| 650 | |x Economic conditions,Economic policy | ||
| 904 | |i Truc,Hải | ||
| 980 | |a Trung tâm Học liệu Trường Đại học Cần Thơ | ||